AVTAR SINGH'S ARBITRATION AND CONCILIATION: and alternative dispute resclution (Record no. 8438)

MARC details
000 -LEADER
fixed length control field 00485nam a22001817a 4500
005 - DATE AND TIME OF LATEST TRANSACTION
control field 20231101103601.0
008 - FIXED-LENGTH DATA ELEMENTS--GENERAL INFORMATION
fixed length control field 231101b |||||||| |||| 00| 0 eng d
020 ## - INTERNATIONAL STANDARD BOOK NUMBER
ISBN 978-93-90-7158-48
041 ## - LANGUAGE CODE
Language code of text/sound track or separate title eng
082 ## - DEWEY DECIMAL CLASSIFICATION NUMBER
Classification number 344.2
100 ## - MAIN ENTRY--AUTHOR NAME
Personal name BINDAL, SAURABH AND SIKRI, JUSTICEA.K.
245 ## - TITLE STATEMENT
Title AVTAR SINGH'S ARBITRATION AND CONCILIATION: and alternative dispute resclution
250 ## - EDITION STATEMENT
Edition statement 12th ed.,
260 ## - PUBLICATION, DISTRIBUTION, ETC. (IMPRINT)
Place of publication LUCKNOE
Name of publisher E.B.C
300 ## - PHYSICAL DESCRIPTION
Number of Pages 613;p
650 ## - SUBJECT ADDED ENTRY--TOPICAL TERM
Topical Term LAW
942 ## - ADDED ENTRY ELEMENTS (KOHA)
Koha item type Books
Holdings
Lost status Damaged status Collection code Home library Current library Shelving location Date acquired Source of acquisition Cost, normal purchase price Full call number Accession Number Koha item type
    Reference JRU Library JRU Library SHELF-1-C 31/10/2023 PURCHASE [LBI] 775.00 344.2 28002 Books
    LAW JRU Library JRU Library SHELF- 68 D 31/10/2023 PURCHASE [LBI] 775.00 344.2 28003 Books
    LAW JRU Library JRU Library SHELF-30-C 31/10/2023 PURCHASE [LBI] 775.00 344.2 28004 Books
    LAW JRU Library JRU Library SHELF-30-C 31/10/2023 PURCHASE [LBI] 775.00 344.2 28005 Books
    LAW JRU Library JRU Library SHELF-30-C 31/10/2023 PURCHASE [LBI] 775.00 344.2 28006 Books